00347pab a2200121 454500008004000000100001800040245006500058260000900123300001300132650002700145650001500172773003800187180718b2001 xxu||||| |||| 00| 0 eng d aHeaden, David aAustralia's centenary of federation: a mystery and a muddle? c2001 ap.146-50 aFederalism - Australia aFederalism aIndian Journal of Federal Studies